1425 1751 1425 1367 1759 1255 1516 1461 1685 1924 1159 1639 1819 1125 1997 1866 1048 1477 1081 1747 1026 1319 1278 1018 1672 1223 1441 1653 1947 1343 1159 1364 1825 1681 1685 1747 1430 1253 1847 1672 1214 1349 1757 1916 1781 1646 1467 1148 1851 1198 1258 1246 1012 1396 1771 1377 1963 1640 1730 1422 1814 1451 1078 1573 1429 1464 1717 1375 1209 1588 1839 1966 1692 1521 1160 1932 1011 1254 1982 1018 1598 1097 1192 1043 1243 1382 1597 1885 1953 1710 1348 1086 1023 1449 1167 1417 1949 1080 1987 BCNSPRNW ULIB Ver.6.0+V

เปลี่ยนเป็นภาษาไทย

Change to English
 แสดงรายละเอียดบรรณานุกรม
  กลับหน้าหลัก

Brief Record : Get Marc (ISO 2709) : E-mail record : QR code < ปิดหน้าต่าง
LEADER : 00000nam 2200000uu 4500
001    13399124883
003     ULIB
008    160424s2558||||th 000 0 tha d
020    ^a9786162234798
060 04 ^aWB100^bก425อ
100 0  ^aกาญจนา จันทร์สูง,^eบรรณาธิการ
245 00 ^aอาการวิทยาทางอายุรศาสตร์ =^bSymptomatology in generalmedicine. /^cบรรณาธิการ, กาญจนา จันทร์สูง และ ประณิธิ หงสประภาส
246 31 ^aSymptomatology in general medicine.
250    ^aพิมพ์ครั้งที่ 3
260    ^aขอนแก่น :^bคณะแพทยศาสตร์ มหาวิทยาลัยขอนแก่น,^c2558
300    ^a510 หน้า :^bภาพประกอบ
504    ^aบรรณานุกรม
650  4 ^aอายุรศาสตร์^vรวมเรื่อง
650  0 ^aการพยาบาลผู้ใหญ่
700 0  ^aประณิธิ หงสประภาส,^eบรรณาธิการ
710 2  ^aมหาวิทยาลัยขอนแก่น. ^bคณะแพทยศาสตร์
945    ^p500^l0^i23471
945    ^p500^l0^i23472
999    ^aทศพร เกษรทอง
รายการนี้ยังไม่มีแท็ก
คุณยังไม่ได้ล็อกอิน คุณสามารถมีกิจกรรมร่วมกับเว็บไซต์ได้ แต่ต้องล็อกอินก่อน ::
  ล็อกอิน

รายการสื่อสารสนเทศ

ลำดับที่ ประเภท เลขเรียก/บาร์โค้ด สถานที่ สถานะ
1. วิทยาศาสตร์การแพทย์ และสุขภาพ
หนังสือสำรอง
สถานะ=หนังสือสำรอง
WB100 ก425อ ฉ.1 
  Barcode: 23471
ห้องสมุดวิทยาเขตนครสวรรค์
►หนังสือทั่วไป:l:General Books
บนชั้น
2. วิทยาศาสตร์การแพทย์ และสุขภาพ
วิทยาศาสตร์การแพทย์ และสุขภาพ
WB100 ก425อ ฉ.2 
  Barcode: 23472
ห้องสมุดวิทยาเขตนครสวรรค์
►หนังสือทั่วไป:l:General Books
บนชั้น

รายการใกล้เคียง
    หัวเรื่อง [การพยาบาลผู้ใหญ่]

BibComment


ยังไม่เคยถูกคอมเมนท์

คอมเมนท์ทรัพยากรรายการนี้
  คอมเมนท์: อาการวิทยาทางอาย..


 Copyright 2026. Bcnsprnw @Library